00544nam a2200193 a 4500001001300000003000900013005001700022008004100039020002200080082001500102100002100117245001900138260004600157300000900203500003500212505006500247650001700312700002100329nice12345678IN_TiNIC20260116013242.0050524s1996 newa grp 000 0 eng  a8123083 c7500a297.4bJOT aJotwani, Motilal aSufis of Sindh aNew DelhibPublication Division Goic1996 a218p aincludes index and biblioraphy2 aEnglish Rendering Muhammad Akbnar Muradpuri, Abul Aziz Kamal aSufism-Sindh1 aJotwani, Motilal